• 首页
  • 本馆介绍
  • 公告通知
  • 最新文献
  • 馆藏检索
  • 电子资源
  • 读者导购
  • 参考咨询
  • 我的图书馆
  • 登录
  • 详细信息显示
  • 放入我的书架
  • 预约/预借图书
  • 作者相关作品
  • 分类相关作品
  • 丛书相关作品
  • 出版社相关作品

书目信息

  • 表格格式
  • 工作单格式
  • 卡片格式
题名:
外星人档案
    
 
作者: 王国章 著
分册:  
出版信息: 北京   台海出版社  2016
页数: 208页
开本: 24cm
丛书名:
单 册:
中图分类: Q693-49
科图分类:
主题词: 地外生命--普及读物
电子资源:
ISBN: 978-7-5168-0922-8
000 01039nam0 2200229 450
001 2920
005 20161207091328.07
010    @a978-7-5168-0922-8@dCNY36.00
100    @a20161101d2016 em y0chiy50 ea
101 0  @achi
102    @aCN@b110000
105    @ay z 000yy
200 1  @a外星人档案@9wai xing ren dang an@f王国章著
210    @a北京@c台海出版社@d2016
215    @a208页@d24cm
314    @a王国章,著名传记作家,哈弗常春藤教育联盟特约讲师,长期从事中外政治人物和商界人物的研究和创作。著作:《美国特勤局》、《宗庆后传奇》等。
330    @a本书共分为六章,其中包括:政府部门的外星人档案、亲历第三类接触、在地球上发现的外星人踪迹、外星人与史前文明、真实的UFO目击事件、美国对外星人的科学探索。这六章内容围绕着对外星人与UFO的探索进行,并且清楚地交代了事件中外星人所起的作用,以独特的视角向广大公众还原史实,让公众轻松产生历久弥新的画面感受。
606 0  @a地外生命@j普及读物
690    @aQ693-49@v5
701  0 @a王国章@9wang guo zhang@4著
801  0 @aCN@b大连网信软件有限公司图书馆·11@c20161207
905    @aZUCC@dQ693-49@e28
    
    外星人档案/王国章著.-北京:台海出版社,2016
    208页;24cm
    
    
    ISBN 978-7-5168-0922-8:CNY36.00
    本书共分为六章,其中包括:政府部门的外星人档案、亲历第三类接触、在地球上发现的外星人踪迹、外星人与史前文明、真实的UFO目击事件、美国对外星人的科学探索。这六章内容围绕着对外星人与UFO的探索进行,并且清楚地交代了事件中外星人所起的作用,以独特的视角向广大公众还原史实,让公众轻松产生历久弥新的画面感受。
●
相关链接 在E读中查询图书 在五车中查询图书 在当当中查询图书 在豆瓣中查询图书


正题名:外星人档案     索取号:Q693-49/28         预约/预借

序号 登录号 条形码 馆藏地/架位号 状态 备注
1 912582   209125828   第二样本阅览室/ [索取号:Q693-49/28] 在馆    
2 912583   209125837   第三借阅区/ [索取号:Q693-49/28] 在馆    
3 912584   209125846   第三借阅区/ [索取号:Q693-49/28] 在馆    
4 912585   209125855   第三借阅区/ [索取号:Q693-49/28] 在馆    
唐山师范学院图书馆 欢迎您!
大连网信软件有限公司© 版权所有